• 首页
  • 本馆介绍
  • 公告通知
  • 最新文献
  • 馆藏检索
  • 电子资源
  • 读者导购
  • 参考咨询
  • 我的图书馆
  • 登录
  • 详细信息显示
  • 放入我的书架
  • 预约/预借图书
  • 作者相关作品
  • 分类相关作品
  • 丛书相关作品
  • 出版社相关作品

书目信息

  • 表格格式
  • 工作单格式
  • 卡片格式
题名:
遇见抹茶,遇见有滋味的小日子
    
 
作者: 法罗 著 ;李菲 译
分册:  
出版信息: 天津   天津科学技术出版社  2019
页数: 103页
开本: 20×20cm
丛书名:
单 册:
中图分类: TS972.134
科图分类:
主题词: 甜食--制作
电子资源:
ISBN: 978-7-5576-6239-4
000 01042nam0 2200253 450
001 2332816208
005 20231010090710.88
010    @a978-7-5576-6239-4@dCNY42.00
100    @a20191216d2019 em y0chiy50 ea
101 1  @achi@ceng
102    @aCN@b120000
105    @aa z 000yy
200 1  @a遇见抹茶,遇见有滋味的小日子@Ayu jian mo cha,yu jian you zi wei de xiao ri zi@f(英)乔安娜·法罗著@g李菲译
210    @a天津@c天津科学技术出版社@d2019
215    @a103页@c彩图@d20×20cm
312    @a书名原文:Meet your matcha: over 50 delicious dishes made with this miracle ingredient
330    @a本书介绍了50种冰沙、汤类等抹茶类的食谱。介绍了黑巧克力抹茶千层蛋糕、抹茶沙冰、抹茶寿司沙拉、抹茶鸡翅等菜,另外还介绍了一些抹茶菜品的制作。
510 1  @aMeet your matcha: over 50 delicious dishes made with this miracle ingredient@zeng
606 0  @a甜食@x制作
690    @aTS972.134@v5
701  0 @c(英)@a法罗@Afa luo@c(Farrow, Joanna)@4著
702  0 @a李菲@Ali fei@4译
801  0 @aCN@b安徽时代@c20230923
905    @aBZT@dTS972.134@e15
    
    遇见抹茶,遇见有滋味的小日子/(英)乔安娜·法罗著/李菲译.-天津:天津科学技术出版社,2019
    103页:彩图;20×20cm
    
    
    ISBN 978-7-5576-6239-4:CNY42.00
    本书介绍了50种冰沙、汤类等抹茶类的食谱。介绍了黑巧克力抹茶千层蛋糕、抹茶沙冰、抹茶寿司沙拉、抹茶鸡翅等菜,另外还介绍了一些抹茶菜品的制作。
●
相关链接 在五车中查询图书 在当当中查询图书 在豆瓣中查询图书


正题名:遇见抹茶,遇见有滋味的小日子     索取号:TS972.134/15         预约/预借

序号 登录号 条形码 馆藏地/架位号 状态 备注
1 2000936694   2000936694   第四书库/四28架A面1层4列/ [索取号:TS972.134/15] 在馆    
2 2000936695   2000936695   第四书库/四28架A面1层4列/ [索取号:TS972.134/15] 在馆    
3 2000936696   2000936696   第四书库/四28架A面1层4列/ [索取号:TS972.134/15] 在馆    
4 2000936697   2000936697   第四书库/四28架A面1层4列/ [索取号:TS972.134/15] 在馆    
5 2000936698   2000936698   第四书库/四28架A面1层4列/ [索取号:TS972.134/15] 在馆    
6 2000936699   2000936699   第四书库/四28架A面1层4列/ [索取号:TS972.134/15] 在馆    
山东省滨州职业学院图书馆 欢迎您!
大连网信软件有限公司© 版权所有